000
00254pam a2200121 a 4500
020
_c
041
_a
eng
100
_a
Grain Merut.
245
_a
It Is Die
_h
Textual Documents
260
_a
New York
_b
Penguin Books Ltd
300
_a
301p.
930
_a
15325
999
_c
92225
_d
92225